00261nam a2200121Ia 4500003000400000005001700004008004100021020001800062040001700080100001600097245001800113260000800131OSt20240329110057.0170524s9999 xx 000 0 und d a9780074639481 cIIMTU MEERUT aTulsian P C 0aBusiness L aw aTMH